| 000 | 00909nam a22002415a 4500 | ||
|---|---|---|---|
| 003 | OSt | ||
| 005 | 20170507130827.0 | ||
| 008 | 170116s2013 ua frb 000 0 ara d | ||
| 015 | _a2013 / 17031 | ||
| 020 | _z9789770320310 | ||
| 040 |
_aEG-ScBUE _bara _cEG-ScBUE _dEG-ScBUE |
||
| 082 | 0 | 4 |
_a345.02 _bح س ن _222 |
| 100 | 1 | _aحسن، محمد حسن محمد علي. | |
| 245 | 1 | 0 |
_aجرائم الإرهاب الدولي واختصاص المحكمة الجنائية الدولية بنظرها / _cمحمد حسن محمد علي حسن. |
| 260 |
_aالإسكندرية، مصر : _bمنشأة المعارف، _c[2013] |
||
| 300 |
_a978 ص. ؛ _c24 سم. |
||
| 504 | _aيشتمل على إرجاعات ببليوجرافية. | ||
| 650 | 7 |
_aالمحكمة الجنائية الدولية. _2BUEsh |
|
| 650 | 7 |
_aالإرهاب. _2BUEsh |
|
| 651 | _2BUEsh | ||
| 653 |
_bLLAAWW _cMay2017 |
||
| 942 | _2ddc | ||
| 999 |
_c24789 _d24761 |
||